|
|
|
|
| LEADER |
01542nam a2200385 a 4500 |
| 001 |
EBC1163798 |
| 003 |
MiAaPQ |
| 005 |
20200520144314.0 |
| 006 |
m o d | |
| 007 |
cr cn||||||||| |
| 008 |
130420r20131979enk sb 101 0 eng d |
| 020 |
|
|
|z 9780415624183
|
| 020 |
|
|
|a 9780203104163 (electronic bk.)
|
| 035 |
|
|
|a (MiAaPQ)EBC1163798
|
| 035 |
|
|
|a (Au-PeEL)EBL1163798
|
| 035 |
|
|
|a (CaPaEBR)ebr10682875
|
| 035 |
|
|
|a (CaONFJC)MIL476056
|
| 035 |
|
|
|a (OCoLC)836402576
|
| 040 |
|
|
|a MiAaPQ
|c MiAaPQ
|d MiAaPQ
|
| 043 |
|
|
|a e-uk---
|
| 050 |
|
4 |
|a HD6135
|b .F58 2013
|
| 082 |
0 |
4 |
|a 305.420941
|2 23
|
| 245 |
0 |
0 |
|a Fit work for women
|h [electronic resource] /
|c edited by Sandra Burman.
|
| 260 |
|
|
|a London :
|b Routledge,
|c 2013.
|
| 300 |
|
|
|a 201 p.
|
| 490 |
0 |
|
|a Routledge library editions. Women's history ;
|v v. 9
|
| 500 |
|
|
|a First published in 1979 by Croom Helm.
|
| 500 |
|
|
|a Papers presented at a series of interdisciplinary seminars organized by the Women's Studies Committee and held at Oxford University during the 2d term, 1977/78.
|
| 504 |
|
|
|a Includes bibliographical references and indexes.
|
| 533 |
|
|
|a Electronic reproduction. Ann Arbor, MI : ProQuest, 2015. Available via World Wide Web. Access may be limited to ProQuest affiliated libraries.
|
| 650 |
|
0 |
|a Women
|x Employment
|z Great Britain
|x History
|v Congresses.
|
| 655 |
|
4 |
|a Electronic books.
|
| 700 |
1 |
|
|a Burman, Sandra.
|
| 710 |
2 |
|
|a ProQuest (Firm)
|
| 856 |
4 |
0 |
|u https://ebookcentral.proquest.com/lib/matrademy/detail.action?docID=1163798
|z Click to View
|